[Event "It (open)"]
[Site "masterchessopen.com – Voronezh (Russia)"]
[Date "2005.06.18"]
[Round "6"]
[White "Zakhartsov Viacheslav V (RUS)"]
[Black "Ulko Jaroslav (RUS)"]
[Result "1-0"]
[WhiteElo "2540"]
[BlackElo "2466"]

{ } 1.e4 c5 2.Nf3 d6 3.d4 cxd4 4.Nxd4 Nf6 5.Nc3 Nc6 6.Bg5 e6 7.Qd2 Be7 8.O-O-O
O-O 9.f4 h6 10.Bh4 Bd7 11.Nf3 { ? } ( 11.Ndb5 Nxe4 12.Bxe7 Nxd2 13.Bxd8 Nxf1
14.Rhxf1 Rfxd8 15.Nxd6 Rab8 16.Rd2 Ne7 17.Rfd1 Bc6 18.a4 Kf8 19.b3 Nd5 20.Ndb5
a6 21.Nc7 Rd7 22.N7xd5 exd5 23.Nxd5 Rbd8 24.Ne3 Rxd2 25.Rxd2 Re8 26.Nf5 g6
27.Nd4 Re1+ 28.Kb2 Be4 29.g3 Ke7 30.Kc3 f5 { ...1-0, Matanovic Aleksandar 2505
- Timman Jan H 2585 , Yugoslavia 1978 } ) 11...Qa5 12.Kb1 Rfc8 { = } 13.Bd3 (
13.g4 b5 14.Bd3 b4 15.Nb5 Rab8 16.Bxf6 Bxf6 17.Nxd6 Bc3 18.Qe2 b3 19.cxb3 Nb4
20.bxc3 Rxc3 21.Nd4 e5 22.Nc4 Rxc4 23.Bxc4 Bxg4 24.Qg2 Bxd1 25.Rxd1 exd4
26.Rg1 g5 27.fxg5 hxg5 28.Rf1 Rb7 29.Rf5 Qb6 30.Rxg5+ Kf8 31.Rg8+ Ke7 32.Qg5+
Kd7 { ...1-0, Ivanchuk Vassily 2705 - Smirin Ilia 2673 , URS 1985 } ) ( 13.Qe1
Be8 14.Bd3 Nb4 15.a3 Nxd3 16.Rxd3 Qc7 17.Nd4 b5 18.e5 dxe5 19.fxe5 Nh7 20.Bxe7
Qxe7 21.Ndxb5 Bxb5 22.Nxb5 Qc5 23.Nd4 Nf8 24.Qe4 Ng6 25.Re1 Ne7 26.Ree3 Nf5
27.Nxf5 exf5 28.Qa4 f4 29.Re2 Qg1+ 30.Ka2 Qxh2 31.Rh3 Qg1 32.Qxf4 Qc5 {
...1-0, Tseshkovsky Vitaly 2575 - Mihaljcisin Mihajlo 2325 , Banja-Luka 1981
It (cat.9) } ) 13...b5 ( 13...Nb4 14.a3 { +0.18 CAP } ) 14.g4 ( 14.Rhg1 Nb4
15.a3 Nc6 16.Nxb5 Qb6 17.Qf2 Qb7 18.c4 a6 19.Nc3 Ng4 20.Qe2 Bxh4 21.Nxh4 Rab8
22.Rd2 Qb6 23.Re1 Qa5 24.Rc1 e5 25.Nf5 Bxf5 26.exf5 Nf6 27.fxe5 Nd4 28.exf6
Nxe2 { 1/2-1/2, Matulovic Milan 2424 - Pavlovic Milos 2454 , Vrnjacka Banja
1991 It (cat.9) } ) ( 14.Ne2 b4 15.Nc1 e5 16.f5 d5 17.Nb3 Qc7 18.Bxf6 Bxf6
19.exd5 Ne7 20.Ba6 Nxf5 21.Bxc8 Rxc8 22.d6 Qc4 23.Qd3 Qxd3 24.cxd3 Nxd6
25.Rhe1 Bf5 26.Nxe5 Re8 27.Nf3 Rxe1 28.Nxe1 Nc4 29.Nc5 Nxb2 30.Rc1 Bc3 31.Rc2
Nc4 32.Re2 Nd6 33.Ne4 Nxe4 { ...1/2-1/2, Cuijpers Frans Andre 2497 - Ligterink
Gert 2455 , Leeuwarden 1980 Ch Netherlands } ) ( 14.Nxb5 Qb6 { +0.89 CAP }
15.Rhe1 Rab8 16.Bf2 Qb7 17.c3 e5 18.Ka1 Na5 19.Nxa7 Ra8 20.b4 Rxa7 21.Bxa7
Qxa7 22.bxa5 Qxa5 23.c4 Qc5 24.f5 Bd8 25.Re2 Ba5 26.Qc2 Ra8 27.Rb1 Ba4 28.Qb2
Nd7 29.Bc2 Nb6 30.Bb3 Bb4 31.Rc2 Bc6 32.Re2 Ra3 33.Rd1 Qa5 { ...0-1, Kovalev
Andrei 2575 - Ronin V 2285 , Moscow 1983 Olympiad URS } ) 14...b4 ( 14...Nb4
15.a3 Nxd3 16.Nd5 Qxd2 17.Nxe7+ Kf8 18.Rxd2 Kxe7 19.Rxd3 e5 20.fxe5 dxe5
21.Nxe5 Be6 22.Rf1 g5 23.Be1 a5 24.Rd4 Nxg4 25.Nxg4 Bxg4 26.Rd5 Rd8 27.Re5+
Kf8 28.Bc3 Re8 29.Rxe8+ { 1/2-1/2, Dolmatov Sergey 2575 - Beliavsky Alexander
G 2615 , Frunze 1981 Ch URS } ) 15.Bxf6 { N } ( 15.Ne2 Nxg4 ( 15...d5 16.Bxf6
Bxf6 17.e5 Bd8 18.g5 b3 19.cxb3 Qxd2 20.Rxd2 hxg5 21.fxg5 Rcb8 22.Rc1 Bb6
23.Rf1 Be3 24.Rdd1 g6 25.h4 Kg7 26.Bc2 Rh8 27.a3 a5 28.Rd3 Bb6 29.Nf4 Ne7
30.a4 Nf5 31.Rh1 Ng3 32.Rh3 Ne4 33.Rh2 { 1/2-1/2, Lekic Dusan 2425 -
Damjanovic Branislav 2098 , Neum 2002 Ch Bosnia & Herzegovina (team) } )
16.Be1 d5 17.e5 Bc5 18.Nc1 Qb6 19.Nb3 Bf2 20.Rf1 Bxe1 21.Rdxe1 a5 22.h3 a4
23.Nc1 b3 24.hxg4 Nb4 25.c3 bxa2+ 26.Ka1 Nc6 27.Qf2 Qb8 28.Nd4 a3 29.b3 Nxd4
30.Qxd4 Ra4 31.b4 Bb5 32.Nb3 Bc4 33.Bxc4 Rxc4 34.Qd3 Qb5 { ...1-0, Kovalev
Andrei 2575 - Smirin Ilia 2673 , URS 1984 } ) ( 15.Nb5 Rab8 16.Bxf6 Bxf6
17.Nxd6 Bc3 18.Qe2 b3 19.cxb3 Nb4 20.bxc3 Rxc3 21.Nd4 e5 22.Nc4 Rxc4 23.Bxc4
Bxg4 24.Qg2 Bxd1 25.Rxd1 exd4 26.Rg1 g5 27.fxg5 hxg5 28.Rf1 Rb7 29.Rf5 Qb6
30.Rxg5+ Kf8 31.Rg8+ Ke7 32.Qg5+ Kd7 33.Qf5+ { 1-0, Ivanchuk Vassily 2705 -
Smirin Ilia 2673 , URS 1985 } ) 15...Bxf6 { -0.85 CAP } 16.Ne2 Bc3 17.Qe3 Bf6
18.h4 Rab8 19.Nc1 Qb6 { ?! ?/± } ( 19...Bd8 { !? } 20.Nb3 Qb6 21.Qxb6 Bxb6 { =
} ) 20.Qe2 { ?! = } ( 20.Qxb6 { !? } 20...Rxb6 21.g5 Be7 22.gxh6 { ?/± } )
20...Qc5 { ? +?? } ( { ? } 20...b3 21.Nxb3 Be7 22.e5 Nb4 { = } ) 21.Nb3 Qb6
22.g5 Be7 23.gxh6 g6 24.h5 Kh8 25.hxg6 fxg6 26.e5 d5 27.Bxg6 Rf8 28.f5 exf5
29.e6 Be8 30.Bxe8 Rbxe8 31.Rxd5 a5 32.h7 a4 33.Nbd2 a3 34.Nc4 Qb8 35.Nfe5 Nxe5
36.Nxe5 Rf6 37.Nf7+ Kg7 38.Qh5 Rg6 39.h8=Q+ Rxh8 40.Nxh8 { +?? } {#r} 1-0

[Event "It (open)"]
[Site "masterchessopen.com – Kranj (Slovenia)"]
[Date "2005.07.01"]
[Round "4"]
[White "Kozamernik Janez (SLO)"]
[Black "Podvrsnik Marko (SLO)"]
[Result "0-1"]
[WhiteElo "2188"]
[BlackElo "2194"]

1.e4 c5 2.Nf3 d6 3.d4 cxd4 4.Nxd4 Nf6 5.Nc3 Nc6 6.Bg5 e6 7.Qd2 Be7 8.O-O-O O-O
9.f4 h6 10.h4 hxg5 11.hxg5 Ng4 12.Nxc6 bxc6 13.e5 Nxe5 14.Bd3 f5 15.gxf6 Nxd3+
16.Qxd3 Bxf6 17.Qh7+ Kf7 18.Ne4 Qb6 19.Nxf6 Kxf6 20.g4 Rb8 21.g5+ Ke7 22.Qxg7+
Rf7 23.Qc3 Qb4 {#R} 0-1

[Event "Cup Independence (open)"]
[Site "masterchessopen.com – Kiev (Ukraine)"]
[Date "2005.08.16"]
[Round "5"]
[White "Pavlov Sergey (UKR)"]
[Black "Moiseev Igor (UKR)"]
[Result "1-0"]
[WhiteElo "2460"]
[BlackElo "2297"]

1.e4 c5 2.Nf3 Nc6 3.d4 cxd4 4.Nxd4 Nf6 5.Nc3 d6 6.Bg5 e6 7.Qd2 Be7 8.O-O-O O-O
9.f4 Bd7 10.Nf3 Qa5 11.e5 dxe5 12.Bxf6 Bxf6 13.Qxd7 e4 14.Qxb7 Bxc3 15.Qxc6
Bxb2+ 16.Kxb2 Rab8+ 17.Kc1 e3 18.Rd7 Rfc8 19.Rb7 Qxa2 20.Rxb8 Rxb8 21.Kd1 g6
22.Ke2 Rb2 23.Qc8+ Kg7 24.Qc3+ f6 25.Nd4 Rb1 26.Kxe3 Qa4 27.Bb5 Rxb5 28.Ra1
Qb4 29.Nxb5 Qxb5 30.Rxa7+ Kh6 31.Qxf6 Qc5+ 32.Qd4 Qxc2 33.Qg7+ {#r} 1-0

[Event "Memorial L.Rudenko (w)"]
[Site "masterchessopen.com – St. Petersburg (Russia)"]
[Date "2005.08.28"]
[Round "9"]
[White "Borisova Elizaveta (RUS)"]
[Black "Sokolova Vera (RUS)"]
[Result "1-0"]
[WhiteElo "2214"]
[BlackElo "2124"]

1.e4 c5 2.Nf3 Nc6 3.d4 cxd4 4.Nxd4 Nf6 5.Nc3 d6 6.Bg5 e6 7.Qd2 Be7 8.O-O-O O-O
9.f4 a6 10.Be2 Nxd4 11.Qxd4 b5 12.Bf3 Ne8 13.Bxe7 Qxe7 14.e5 d5 15.g4 Bd7
16.Kb1 b4 17.Ne2 Nc7 18.Rhg1 a5 19.Ng3 Nb5 20.Qe3 Rfb8 21.Ka1 a4 22.f5 a3
23.b3 Rc8 24.f6 Qc5 25.Qxc5 Rxc5 26.Rd2 Rac8 27.Rgg2 gxf6 28.Nh5 Bc6 29.Nxf6+
Kg7 30.Nh5+ Kh8 31.Rgf2 Rc7 32.Nf4 Na7 33.Nd3 Rb5 34.g5 d4 35.Bh5 Kg7 36.Rf4
Rd7 37.Rdf2 f5 38.gxf6+ Kf8 39.Rg4 Nc8 40.Rf1 h6 41.Rfg1 Ne7 42.fxe7+ Kxe7
43.Rg8 {#r} 1-0

[Event "Ch Slovenia (team)"]
[Site "masterchessopen.com – Bled (Slovenia)"]
[Date "2005.11.26"]
[Round "1"]
[White "Zelcic Robert (CRO)"]
[Black "Polajzer Danilo (SLO)"]
[Result "1-0"]
[WhiteElo "2533"]
[BlackElo "2372"]

1.e4 c5 2.Nf3 Nc6 3.d4 cxd4 4.Nxd4 Nf6 5.Nc3 d6 6.Bg5 e6 7.Qd2 Be7 8.O-O-O O-O
9.f4 h6 10.h4 Nxd4 11.Qxd4 hxg5 12.hxg5 Ng4 13.Rd3 Bxg5 14.fxg5 Qxg5+ 15.Kb1
e5 16.Qg1 Be6 17.Be2 Rfd8 18.Rg3 Qf4 19.Rxg4 Bxg4 20.Rh4 Bxe2 21.Rxf4 exf4
22.Nxe2 g5 23.Nd4 Re8 24.Qe1 Rac8 25.b3 Rc5 26.Qe2 Kg7 27.Qf3 Kg6 28.g3 fxg3
29.Ne2 d5 30.Qxg3 Rxe4 31.Qd6+ f6 32.Qxc5 Rxe2 33.Qxd5 Re1+ 34.Kb2 g4 35.Qxb7
f5 36.Qxa7 g3 37.Qb8 {#r} 1-0

[Event "Extraliga 2005/06"]
[Site "masterchessopen.com – Czech Republic"]
[Date "2005.12.03"]
[Round "5"]
[White "Klima Lukas (CZE)"]
[Black "Zeleny Tomas (CZE)"]
[Result "1-0"]
[WhiteElo "2448"]
[BlackElo "2276"]

1.e4 c5 2.Nf3 d6 3.d4 cxd4 4.Nxd4 Nf6 5.Nc3 Nc6 6.Bg5 e6 7.Qd2 Be7 8.O-O-O O-O
9.f4 h6 10.Bxf6 Bxf6 11.Nxc6 bxc6 12.Qxd6 Qb6 13.Qd2 e5 14.Na4 Qb7 15.g3 Bg4
16.Be2 Bxe2 17.Qxe2 Qb4 18.b3 Qa3+ 19.Kb1 Rab8 20.Nb2 Qc5 21.Qc4 Qa5 22.Nd3
Rfe8 23.fxe5 Bxe5 24.Rhf1 Re6 25.Rf5 Rd8 26.Rdf1 Qc7 27.Nxe5 {#r} 1-0

[Event "It (juniors) \"]
[Site "masterchessopen.com – Varna (Bulgaria)"]
[Round "7"]
[White "Barski Radoslaw (POL)"]
[Black "Pershina Ljudmila (UKR)"]
[Result "1-0"]
[WhiteElo "1896"]
[BlackElo "1869"]

1.e4 c5 2.Nf3 Nc6 3.Nc3 Nf6 4.d4 cxd4 5.Nxd4 d6 6.Bg5 e6 7.Qd2 Be7 8.O-O-O O-O
9.f4 Qb6 10.Nb3 Rd8 11.Bd3 e5 12.Bxf6 Re8 13.Nd5 Qd8 14.Nxe7+ Nxe7 15.Bxe7
Rxe7 16.Bc4 Bg4 17.Rdf1 Qc7 18.Bd3 a5 19.Qc3 Qb6 20.f5 Rc7 21.Qd2 f6 22.Kb1
Bh5 23.Nc1 Bf7 24.Ne2 a4 25.a3 Rc5 26.Qb4 Qc6 27.Nc3 Bc4 28.Rd1 b5 29.Bxc4+
bxc4 30.Rd5 Rxd5 31.Nxd5 Kf7 32.Rd1 Ra7 33.Nc3 Ke7 34.Qb5 {#r} 1-0

[Event "It (open)"]
[Site "masterchessopen.com – Moscow (Russia)"]
[Date "2006.02.04"]
[Round "7"]
[White "Sjugirov Sanan (RUS)"]
[Black "Kryakvin Dmitry (RUS)"]
[Result "0-1"]
[WhiteElo "2444"]
[BlackElo "2521"]

1.e4 c5 2.Nf3 d6 3.d4 cxd4 4.Nxd4 Nf6 5.Nc3 Nc6 6.Bg5 e6 7.Qd2 Be7 8.O-O-O O-O
9.f4 h6 10.h4 e5 11.Nf3 Bg4 12.Bxf6 Bxf6 13.Nd5 Nd4 14.Be2 Nxe2+ 15.Qxe2 exf4
16.Qd2 Be5 17.Kb1 f5 18.Nxf4 Bxf3 19.gxf3 fxe4 20.Qd5+ Rf7 21.Ng6 Bxb2 22.Kxb2
Qf6+ 23.Kb1 Qxg6 24.fxe4 Re8 25.Rdf1 Re5 26.Qb3 Qe6 27.Rxf7 Qxf7 28.Qxf7+ Kxf7
29.Rf1+ Ke6 30.Rf4 g5 31.hxg5 hxg5 32.Rg4 Kf6 33.Kb2 Kg6 34.Kc3 Kh5 35.Rg1
Rxe4 36.Rh1+ Kg6 37.Rd1 Re6 38.Kc4 g4 39.Kd5 Re2 40.c4 Rxa2 41.Kxd6 g3 42.c5
g2 43.Rg1 Kf5 44.Kc7 Rb2 45.Kb8 a5 {#R} 0-1

[Event "It (open)"]
[Site "masterchessopen.com – Bizovac (Croatia)"]
[Date "2006.02.24"]
[Round "3"]
[White "Palac Mladen (CRO)"]
[Black "Doric Darko (CRO)"]
[Result "1-0"]
[WhiteElo "2582"]
[BlackElo "2448"]

1.e4 c5 2.Nf3 d6 3.d4 cxd4 4.Nxd4 Nf6 5.Nc3 Nc6 6.Bg5 e6 7.Qd2 Be7 8.O-O-O O-O
9.f4 h6 10.Bh4 e5 11.Nf5 Bxf5 12.exf5 exf4 13.Kb1 d5 14.Qxf4 d4 15.Bxf6 Bxf6
16.Ne4 Be5 17.Qg4 Rc8 18.a3 Na5 19.Bd3 f6 20.Nd2 b5 21.Nf3 Nc4 22.Bxc4+ bxc4
23.Nxd4 Qa5 24.Nf3 { ? } ( 24.c3 { !? } 24...Rc7 25.Ne6 Rb8 26.Rd8+ { } )
24...c3 { ? } ( 24...Bxb2 { !? } 25.Rd7 g5 26.Qh5 Qxf5 { } ) 25.Nxe5 Qxe5
26.Rhe1 Qb5 27.b3 Rf7 28.Rd3 Rd7 { ?! } ( 28...Qc5 { !? } 29.b4 Qb6 { } )
29.Rxc3 Rdc7 30.Re7 Rxe7 31.Rxc8+ Re8 32.Qc4+ Qxc4 33.Rxe8+ { } {#r} 1-0

[Event "It (open)"]
[Site "masterchessopen.com – Metz (France)"]
[Date "2006.04.23"]
[Round "2"]
[White "Bruned Vianney (ESP)"]
[Black "Harovelo Ingmar (FRA)"]
[Result "0-1"]
[WhiteElo "1931"]
[BlackElo "2226"]

1.e4 c5 2.Nf3 d6 3.d4 cxd4 4.Nxd4 Nf6 5.Nc3 Nc6 6.Bg5 e6 7.Qd2 Be7 8.O-O-O O-O
9.f4 d5 10.e5 Nd7 11.Bxe7 Qxe7 12.Kb1 Nb6 13.Be2 Bd7 14.h4 Rfc8 15.h5 Nxd4
16.Qxd4 Nc4 17.Bxc4 Rxc4 18.Qd2 Rac8 19.Rh3 Qc5 20.Rd3 Be8 21.h6 g6 22.g3 b5
23.Rc1 a5 24.Ne2 Qc7 25.Nd4 b4 26.Re1 Bd7 27.Ree3 Qb6 28.Qd1 R4c7 29.Qd2 Ba4
30.Nb3 Bb5 31.Rd4 a4 32.Na1 Rc4 33.Rxc4 Rxc4 34.c3 d4 35.Rd3 bxc3 36.bxc3 Rxc3
{#R} 0-1

[Event "Cup Croatia (team)"]
[Site "masterchessopen.com – Sibenik (Croatia)"]
[Date "2006.05.11"]
[Round "2"]
[White "Brkic Ante (CRO)"]
[Black "Jovanovic Zoran (CRO)"]
[Result "1-0"]
[WhiteElo "2541"]
[BlackElo "2539"]

{ Brkic Ante (CRO) +1 =0 -0 } 1.e4 c5 2.Nf3 d6 3.d4 cxd4 4.Nxd4 Nf6 5.Nc3 Nc6
6.Bg5 e6 7.Qd2 Be7 8.O-O-O O-O 9.f4 h6 10.Bh4 e5 11.Nf5 Bxf5 12.exf5 Qa5
13.Kb1 Rfe8 { ?/± } ( 13...Rad8 14.Bxf6 Bxf6 15.Nd5 Qxd2 16.Nxf6+ gxf6 17.Rxd2
Ne7 18.g4 Rd7 19.fxe5 fxe5 20.Bg2 Rfd8 21.Rhd1 Kg7 22.a4 Kf6 23.h4 d5 24.c4 d4
25.Be4 Nc6 26.Rg2 Nb4 27.g5+ hxg5 28.hxg5+ Ke7 29.g6 fxg6 30.fxg6 Kf8 31.Rh2
Rg7 32.Rf1+ Ke7 33.Rh7 { ...1-0, Suetin Alexei S 2550 - Paoli Enrico 2300 ,
Kecskemet 1972 It } ) 14.Bc4 ( 14.g4 exf4 15.Qxf4 d5 16.g5 hxg5 17.Bxg5 d4
18.Bxf6 Bxf6 19.Ne4 Qe5 20.Nxf6+ Qxf6 21.Rg1 Rad8 22.Qg5 Qxg5 23.Rxg5 Re5
24.Bd3 Kf8 25.a3 f6 26.Rh5 b5 27.Rg1 Rd7 28.Rh8+ Kf7 29.Ka2 a6 30.Rg2 Rd8
31.Rh7 Rg8 32.Rg4 Ree8 33.Be4 Ne7 { ...1/2-1/2, Karpov Anatoly 2700 - Timman
Jan H 2600 , London 1982 It (cat.14) } ) ( 14.Bxf6 Bxf6 15.Nd5 ( 15.Ne4 Qxd2
16.Nxf6+ gxf6 17.Rxd2 Rad8 18.Bc4 { +0.52 CAP } ) 15...Qxd2 16.Rxd2 exf4
17.Nxf6+ gxf6 18.Be2 Re3 19.Bf3 Rd8 20.b3 Kf8 21.Rf1 Re5 22.Bxc6 bxc6 23.Rxf4
Ke7 24.Rh4 Rxf5 25.Rxh6 Rg8 26.Rh4 Rfg5 27.g3 Rg4 28.Re2+ Kd7 29.Rh7 R8g7
30.Rxg7 Rxg7 31.Kc1 Rg4 32.Kd2 Rd4+ 33.Ke3 Rd1 { ...1-0, Jansa Vlastimil 2455
- Bielczyk Jacek 2348 , Lucerne 1982 Olympiad } ) ( 14.Bb5 a6 15.Bxc6 bxc6
16.fxe5 Qxe5 17.Bg3 { 1/2-1/2, Xie Jun 2510 - Polgar Zsuzsa 2565 , Jaen 1996
Ch World (match) (w) } ) 14...Qb4 15.Bb3 Qxf4 16.Qxf4 ( 16.Qe1 Qxf5 17.Bxf6
Bxf6 18.Ne4 Rad8 19.Rf1 Qg6 20.Rd3 Be7 21.Rg3 Qh7 22.Rxf7 Kh8 23.Rgxg7 Qxg7
24.Rxg7 Kxg7 25.Qg3+ Kh7 26.Bf7 Rg8 27.Bxg8+ Rxg8 28.Qh3 Rf8 29.Qd3 Kg7 30.a3
Rd8 31.Ng3 Kf7 32.Qf5+ Ke8 33.Nh5 Rd7 34.Qe6 Kd8 35.Nf6 Bxf6 { ...1-0, Krylov
Sergey 2388 - Dukaczewski Piotr 2350 , Istanbul 25.11.2002 Ch World (for the
Blind) } ) 16...exf4 17.Bxf6 { +0.26 CAP N } ( 17.Rhf1 Nh5 18.Be1 ( 18.Bxe7
Nxe7 19.Nd5 Rad8 20.Nxf4 Nf6 21.Ba4 Nc6 22.Rfe1 Re5 23.Bxc6 Rxe1 24.Rxe1 bxc6
25.c4 Kf8 26.Kc2 d5 27.cxd5 Nxd5 28.Re4 Nxf4 29.Rxf4 Re8 30.Kd3 Re1 31.f6 g5
32.Ra4 Rd1+ 33.Kc3 Rc1+ 34.Kb3 Rf1 35.Rxa7 Rxf6 36.a4 Ke8 { ...1-0, Huebner
Robert Dr 2595 - Timman Jan H 2590 , Wijk aan Zee 1996 It (cat.17) } )
18...Rad8 19.Nd5 Bg5 20.h4 Bf6 21.Nxf6+ Nxf6 22.Rxf4 Re2 23.g4 Rg2 24.g5 hxg5
25.hxg5 Rxg5 26.Bh4 Rh5 27.a3 Kf8 28.Bc4 Ne7 29.Rdf1 Rc8 30.Be2 Rh6 31.Bf2 Nc6
32.Rd1 Nd7 33.b3 Nde5 34.f6 Rd8 35.fxg7+ Kxg7 36.Bh4 Rdh8 { ...1-0, Short
Nigel D 2655 - Timman Jan H 2620 , El Escorial 1993 Ch World (match) (cand.)
(fin) } ) 17...Bxf6 18.Nd5 Re5 19.Nxf6+ gxf6 20.Rhf1 Kf8 { ?! } ( 20...Rxf5 {
!? } 21.Rxd6 Rd8 22.Rxd8+ Nxd8 23.Rd1 Ne6 24.Bd5 b6 { } ) 21.Rxf4 Ke7 22.c3
Rg8 23.Bd5 Rg5 24.Be4 h5 25.h3 Kd7 26.g4 hxg4 27.hxg4 Rg8 28.Bd5 Rg7 29.Rc4
Rh7 30.Bxc6+ bxc6 31.Rcd4 d5 32.Ra4 Re2 33.Rxa7+ Kd6 34.c4 Rhh2 35.Rb7 Rhg2
36.cxd5 cxd5 37.Rb4 Kc5 38.a3 Rd2 39.Rc1+ Kd6 40.a4 d4 41.a5 Rxg4 42.a6 Rg8
43.a7 Ra8 44.Rb6+ Kd5 45.Rc7 Rh2 46.Rb8 Rh8 47.Rxh8 Rxh8 48.b4 Kd6 49.Rb7 { }
{#r} 1-0

[Event "It (open)"]
[Site "masterchessopen.com – Hawick (Scotland)"]
[Date "2006.06.24"]
[Round "2"]
[White "Haslinger Stewart (ENG)"]
[Black "Spencer Edwin (SCO)"]
[Result "0-1"]
[WhiteElo "2438"]
[BlackElo "2203"]

1.e4 c5 2.Nf3 Nc6 3.d4 cxd4 4.Nxd4 Nf6 5.Nc3 d6 6.Bg5 e6 7.Qd2 Be7 8.O-O-O O-O
9.f4 d5 10.e5 Nd7 11.Bxe7 Qxe7 12.h4 Nb6 13.h5 Bd7 14.Qe3 Nxd4 15.Rxd4 Rfc8
16.Rh3 Rc5 17.g4 Rac8 18.Qd2 a6 19.g5 Bb5 20.Nxb5 Rxc2+ 21.Qxc2 Rxc2+ 22.Kxc2
axb5 23.Rc3 b4 24.Rcd3 Qc5+ 25.Kb1 h6 26.gxh6 gxh6 27.Be2 Nc4 28.Rd1 Ne3
29.R4d2 Nxd1 30.Bxd1 {#R} 0-1

[Event "It (open) \"]
[Site "masterchessopen.com – St.Petersburg (Russia)"]
[Date "2006.06.24"]
[Round "2"]
[White "Aseeva Marina (RUS)"]
[Black "Rasskaza Oleg (RUS)"]
[Result "1-0"]
[WhiteElo "2130"]
[BlackElo "1966"]

1.e4 c5 2.Nf3 Nc6 3.d4 cxd4 4.Nxd4 Nf6 5.Nc3 d6 6.Bg5 e6 7.Qd2 Be7 8.O-O-O O-O
9.f4 Bd7 10.Bxf6 Bxf6 11.Ndb5 e5 12.Qxd6 Bg4 13.Qxd8 Raxd8 14.Rxd8 Rxd8 15.f5
Bg5+ 16.Kb1 a6 17.Nc7 Bd2 18.N7d5 Bxc3 19.Nxc3 f6 20.Bc4+ Kf8 21.h3 Bh5 22.g4
Be8 23.Nd5 Nd4 24.c3 b5 25.cxd4 bxc4 26.dxe5 fxe5 27.Kc2 Bc6 28.Kc3 Bxd5
29.Rd1 Ke7 30.Rxd5 Rb8 31.Rxe5+ Kf6 32.Re6+ Kg5 33.Rxa6 Rb7 34.e5 Kh4 35.e6
Kxh3 36.g5 Kg4 37.f6 {#r} 1-0

[Event "It (open)"]
[Site "masterchessopen.com – Pardubice (Czech Republic)"]
[Date "2006.07.28"]
[Round "8"]
[White "Aliavdin Nikolai (BLR)"]
[Black "Furman Boris (RUS)"]
[Result "1-0"]
[WhiteElo "2371"]
[BlackElo "2263"]

1.e4 c5 2.Nf3 Nc6 3.d4 cxd4 4.Nxd4 Nf6 5.Nc3 d6 6.Bg5 e6 7.Qd2 Be7 8.O-O-O O-O
9.f4 h6 10.h4 Nxd4 11.Qxd4 hxg5 12.hxg5 Ng4 13.Be2 e5 14.Qg1 exf4 15.Bxg4 Bxg4
16.Qh2 f5 17.g6 Bh4 18.Rd4 Rf6 19.exf5 Bxf5 20.Qxh4 Rxg6 21.Qh8+ Kf7 22.Qxd8
Rxd8 23.Rxf4 Rxg2 24.Rxf5+ Ke6 25.Rf3 g5 26.Re1+ Kd7 27.Nd5 g4 28.Nf6+ Kc6
29.Rc3+ Kb6 30.b3 d5 31.Re6+ Kb5 32.Re5 {#r} 1-0

[Event "It (open)"]
[Site "masterchessopen.com – Tibor (Czech Republic)"]
[Round "2"]
[White "Brom Jiri (CZE)"]
[Black "Kovar Josef (CZE)"]
[Result "1-0"]
[WhiteElo "2136"]
[BlackElo "2019"]

1.e4 c5 2.Nf3 e6 3.d4 cxd4 4.Nxd4 Nf6 5.Nc3 d6 6.Bg5 Be7 7.Qd2 O-O 8.O-O-O Nc6
9.f4 Qa5 10.Nb3 Qb6 11.Bxf6 Bxf6 12.Na4 Qb4 13.Qxb4 Nxb4 14.a3 Bd7 15.Nac5
dxc5 16.Rxd7 c4 17.Na5 Nc6 18.Nxb7 c3 19.b3 Bd4 20.g3 Be3+ 21.Kd1 Nd4 22.Bc4
a5 23.Nd6 Rad8 24.Rxd8 Rxd8 25.e5 Nf5 26.Ke2 Nxd6 27.Kxe3 Nf5+ 28.Ke4 Rd4+
29.Kf3 Rd2 30.Bd3 Nd4+ 31.Ke4 Nxc2 32.Rc1 Nxa3 33.Rxc3 g6 34.h4 Rb2 35.Kd4 Kg7
36.Kc5 h5 37.Kd6 Rd2 38.Ke7 Rb2 39.Ba6 Nc2 40.Rc7 Nd4 41.Bc4 Nf5+ 42.Ke8 Kg8
43.Rxf7 a4 44.Ra7 Ng7+ 45.Ke7 axb3 46.Kf6 Ne8+ 47.Kxg6 Rg2 48.Bxe6+ Kh8
49.Rh7# 1-0

[Event "Ch Europe (active)"]
[Site "masterchessopen.com – Warsaw (Poland)"]
[Date "2006.12.16"]
[Round "1"]
[White "Gyimesi Zoltan (HUN)"]
[Black "Wesolowska Edyta (POL)"]
[Result "1-0"]
[WhiteElo "2616"]
[BlackElo "1952"]

1.e4 c5 2.Nf3 d6 3.d4 cxd4 4.Nxd4 Nf6 5.Nc3 Nc6 6.Bg5 e6 7.Qd2 Be7 8.O-O-O O-O
9.f4 a6 10.Bxf6 gxf6 11.f5 Ne5 12.Kb1 b5 13.Bd3 Qb6 14.Nce2 d5 15.exd5 exd5
16.Qh6 Nxd3 17.Rxd3 {#r} 1-0

[Event "It (open)"]
[Site "masterchessopen.com – Verona (Italy)"]
[Date "2007.01.05"]
[Round "4"]
[White "Frigieri Fabrizio (ITA)"]
[Black "Tommasi Daniele (ITA)"]
[Result "0-1"]
[WhiteElo "2074"]
[BlackElo "2177"]

1.e4 c5 2.Nf3 d6 3.d4 cxd4 4.Nxd4 Nf6 5.Nc3 Nc6 6.Bg5 e6 7.Qd2 Be7 8.O-O-O O-O
9.f4 h6 10.h4 e5 11.Bxf6 Bxf6 12.Nxc6 bxc6 13.Qxd6 Qb6 14.f5 Rd8 15.Qa3 Qe3+
16.Kb1 Rxd1+ 17.Nxd1 Qxa3 18.bxa3 Rb8+ 19.Kc1 Be7 20.Rh3 Kf8 21.Kd2 Bc5 22.Rc3
Bd4 23.Rb3 Rb7 24.Bd3 Ke7 25.Ne3 Bxe3+ 26.Kxe3 Kd6 27.Bc4 Ke7 28.Kd2 Rd7+
29.Kc3 Rd4 30.Rb8 Bd7 31.Rb7 Rxe4 32.Rxa7 Rxh4 33.Bxf7 Kxf7 34.Rxd7+ Kf6
35.Rd6+ Kxf5 36.Rxc6 Ra4 37.Kb3 Ra8 38.Rc7 g5 39.Rf7+ Ke4 40.Rh7 Kd4 41.Rd7+
Ke3 42.a4 e4 43.Re7 g4 44.Rh7 Kf2 45.Rxh6 e3 46.Kc3 Rd8 {#R} 0-1

[Event "It (cat 7)"]
[Site "masterchessopen.com – Tula (Russia)"]
[Date "2007.02.13"]
[Round "1"]
[White "Brikov Illarion (RUS)"]
[Black "Meshkov Alexander (RUS)"]
[Result "1-0"]
[WhiteElo "2396"]
[BlackElo "2268"]

1.e4 c5 2.Nf3 Nc6 3.d4 cxd4 4.Nxd4 Nf6 5.Nc3 d6 6.Bg5 e6 7.Qd2 Be7 8.O-O-O O-O
9.f4 e5 10.Nf3 Bg4 11.h3 Bxf3 12.gxf3 Nd4 13.Qg2 Rc8 14.Bh6 Ne8 15.Rg1 Bf6
16.Bb5 a6 17.Bxe8 Rxe8 18.Bxg7 {#r} 1-0

[Event "It (open)"]
[Site "masterchessopen.com – Bizovac (Croatia)"]
[Date "2007.02.23"]
[Round "4"]
[White "Dabo-Peranic Robert (CRO)"]
[Black "Vukusic Marin (CRO)"]
[Result "0-1"]
[WhiteElo "2309"]
[BlackElo "2139"]

1.e4 c5 2.Nf3 Nc6 3.d4 cxd4 4.Nxd4 Nf6 5.Nc3 d6 6.Bg5 e6 7.Qd2 Be7 8.O-O-O O-O
9.f4 h6 10.Bh4 Qb6 11.Nf3 a6 12.Rg1 Nxe4 13.Nxe4 Bxh4 14.Nxd6 Bf2 15.Nc4 Qa7
16.Rh1 b5 17.Qd6 Bb7 18.Nce5 Rad8 19.Nd7 Be3+ 20.Kb1 Nb8 21.Nfe5 Nxd7 22.Nxd7
Bd5 {#R} 0-1

[Event "Czech League 2006/07 (2nd) (e)"]
[Site "masterchessopen.com – Czech Republic"]
[Date "2007.04.15"]
[Round "11"]
[White "Zdrazil Tomas (CZE)"]
[Black "Fuchs Ludek (CZE)"]
[Result "1-0"]
[WhiteElo "2050"]
[BlackElo "2067"]

1.e4 c5 2.Nf3 Nc6 3.d4 cxd4 4.Nxd4 Nf6 5.Nc3 d6 6.Bg5 e6 7.Qd2 Be7 8.O-O-O O-O
9.f4 a6 10.Bxf6 gxf6 11.Bc4 Qc7 12.f5 b5 13.Bb3 Na5 14.Nce2 Nxb3+ 15.axb3 Bb7
16.fxe6 Bxe4 17.Ng3 Bg6 18.h4 d5 19.exf7+ Rxf7 20.Ngf5 Rc8 21.Nh6+ Kg7 22.Ne6+
{#r} 1-0